000 00285nam a22001337a 4500
008 181008b xxu||||| |||| 00| 0 eng d
020 _a9781599849294
041 _aeng
080 _27th
_a540
100 _a12
101 _aKIM
245 _aChemistry
_cCarolina,E
942 _2udc
_cBK
999 _c49029
_d49029